00441nam a2200169 a 450000100060000000300090000600800410001502000150005604000280007108200170009910000220011624500480013826000300018630000080021665000150022465000320023913932CO-ViMGA141112s2004 ck r 000 u spa d a8480131594 aCO-ViMGAbspacCO-ViMGA04a796.323 A5331 aAlderete, Jose L.10aBaloncesto : btecnica individual de ataque aMadrid : bGymnos, c1998 a16914aBALONCESTO14aENTRENAMIENTO DE BALONCESTO